Capital of German States - Statistics

General Stats
  • This quiz has been taken 73 times
  • The average score is 11 of 14
Answer Stats
State Capital % Correct
Bremen Bremen
96%
Bavaria Munich
96%
Baden-Württemberg Stuttgart
92%
Saxony Dresden
90%
North Rhineland-Palatinate Düsseldorf
86%
Lower Saxony Hanover
86%
Saarland Saarbrücken
86%
Brandenburg Potsdam
80%
Schleswig-Holstein Kiel
73%
Saxony-Anhalt Magdeburg
69%
Thuringia Erfurt
63%
Rhineland-Palatinate Mainz
63%
Mecklenburg-Westphalia Schwerin
55%
Hesse Wiesbaden
51%
No matching quizzes found
Score Distribution
Percent of People with Each Score
Percentile by Number Answered
Your Score History
You have not taken this quiz